00369nam a2200133Ia 4500008004100000041000800041082001800049100001600067245004500083250001400128260005100142300003100193365001100224240624s9999 xx 000 0 und d aeng a658.15224 ARN aARNOLD GLEN aHANDBOOK OF CORPORATE FINANCE A BUSINESS a(2nd ed.) c2010aLondonbFT Prentice Hall Financial Times axxv, : 784 : p. : cm. ; 24 cRSb30